|
|
|
|
| LEADER |
00000nab a2200000 a 4500 |
| 001 |
vtls000573771 |
| 003 |
SK-MaSNL |
| 005 |
20260304084456.0 |
| 008 |
250425c1995 xo 0 slo |
| 015 |
|
|
|a SNBRB19rr/mm-uuuuu
|
| 035 |
|
|
|a CL0573909
|
| 035 |
|
|
|a urn:nbn:sk:snk-abbpin
|
| 035 |
|
|
|a (urnnbn)urn:nbn:sk:snk:ar-0047m4
|
| 035 |
|
|
|a (uuid)30c86cfa-dcad-480b-beaf-25bcb0cb91ac
|
| 040 |
|
|
|a SNKBUCL
|b slo
|c SNKBUCL
|e AACR2
|
| 041 |
0 |
|
|a slo
|
| 044 |
|
|
|a xo
|c SK
|
| 080 |
|
|
|a 73/76:061.4
|2 1981
|
| 080 |
|
|
|a 73/76.036
|2 1981
|
| 100 |
1 |
|
|a Bartošová, Zuzana,
|d 1946-
|4 aut
|9 92788
|
| 245 |
1 |
0 |
|a Z benátskeho bienále
|c Zuzana Bartošová
|
| 611 |
2 |
7 |
|a Bienále Benátky
|n (46. :
|d 1995 :
|c Benátky, Taliansko)
|2 snkbucl
|9 257445
|
| 650 |
0 |
7 |
|a výtvarné umenie
|2 snkbucl
|9 723
|
| 655 |
|
7 |
|a články z novín a časopisov
|2 snkbucl
|9 267496
|
| 773 |
0 |
|
|t Revue svetovej literatúry
|g Roč. 31, č. 3-4 (1995), s. 207-208
|x 0231-6269
|
| 850 |
|
|
|a Slovenská národná knižnica
|
| 852 |
|
|
|a Slovenská národná knižnica
|
| 958 |
|
|
|a article15
|
| 958 |
|
|
|a RK
|
| 958 |
|
|
|a IT
|
| 958 |
|
|
|a OND
|
| 958 |
|
|
|a EUIPO
|
| 999 |
|
|
|c 2803602
|d 2805532
|